000 00993nem a2200241 i 4500
001 bg
245 0 _aAtlas Rzeczypospolitej Polskiej =
_bAtlas of the Republic of Poland /
_cred.nacz. Michał Najgrakowski ; Polska Akademia Nauk. Instytut Geografii i Przestrzennego Zagospodarowania im.Stanisława Leszczyckiego (Warszawa).
260 _aWarszawa :
_bGłówny Geodeta Kraju,
_c1993-1997.
300 _aCa 100 k. :
_bmapy, rys.,wykr. ;
_c52 x 35 cm +
_eInformacje ogólne, spis treści, skorowidz nazw: 317 s. ; 32 cm.
501 _aTekst częśc. ang.
630 0 9 _aAtlas Rzeczypospolitej Polskiej
650 9 _aPolska
655 _aMapy
700 1 _aNAJGRAKOWSKI, Michał
710 _aPolska Akademia Nauk
_bInstytut Geografii i Przestrzennego Zagospodarowania im. Stanisława Leszczyckiego (Warszawa)
020 _a8386339004
040 _cBPK
041 _apl
_ben
080 _a912(438)
920 _a83-86339-00-4
942 _cMP
008 s pl f |000 0 pol
999 _c24324
_d24324
856 _uhttp://koha.tu.koszalin.pl/cgi-bin/koha/opac-detail.pl?biblionumber=24324
_yKatalog online BPK